Antología de poetas extremeñas / (Record no. 54683)

MARC details
000 -LEADER
campo de control de longitud fija 00688nam a2200205 i 4500
001 - NÚMERO DE CONTROL
campo de control 54683
003 - IDENTIFICADOR DE NÚMERO DE CONTROL
campo de control ES-MaACL
005 - FECHA Y HORA DE LA ÚLTIMA TRANSACCIÓN
campo de control 20230906163011.0
007 - CAMPO FIJO DE DESCRIPCIÓN FÍSICA--INFORMACIÓN GENERAL
campo de control de longitud fija t|
008 - DATOS DE LONGITUD FIJA--INFORMACIÓN GENERAL
campo de control de longitud fija 040112s2001 sp |||| | spa d
080 ## - NÚMERO DE LA CLASIFICACIÓN DECIMAL UNIVERSAL
Número de la Clasificación Decimal Universal 821.134.2(460.25)-1"19"(082.2)
245 00 - MENCIÓN DEL TÍTULO
Título Antología de poetas extremeñas /
Mención de responsabilidad, etc. [selección de] Manuel Miguel Ramos López.
260 ## - PUBLICACIÓN, DISTRIBUCIÓN, ETC.
Lugar de publicación, distribución, etc. [Badajoz] :
Nombre del editor, distribuidor, etc. Junta de Extremadura, Dirección General de la Mujer,
Fecha de publicación, distribución, etc. [2001]
300 ## - DESCRIPCIÓN FÍSICA
Extensión 261 p ;
Dimensiones 24 cm.
650 #4 - PUNTO DE ACCESO ADICIONAL DE MATERIA--TÉRMINO DE MATERIA
Término de materia o nombre geográfico como elemento de entrada Poesías españolas-
Subdivisión general Autoras-
Subdivisión geográfica Extremadura.
9 (RLIN) 170474
700 1# - ENTRADA AGREGADA--NOMBRE PERSONAL
Nombre de persona Ramos López, Manuel Miguel.
9 (RLIN) 202847
710 1# - ENTRADA AGREGADA--NOMBRE DE ENTIDAD CORPORATIVA
Nombre de entidad corporativa o nombre de jurisdicción como elemento de entrada Extremadura.
Unidad subordinada Junta.
9 (RLIN) 150011
852 ## - LOCALIZACIÓN
Ubicación ES-MaACL
Número de control de estantería L-26757
Holdings
Estatus retirado Estado de pérdida Estado de daño No para préstamo Biblioteca de origen Biblioteca actual Ubicación en estantería Fecha de adquisición Fuente de adquisición Total de préstamos Signatura topográfica completa Código de barras Visto por última vez Precio de reemplazo Tipo de ítem Koha
        Biblioteca del Ateneo de Madrid Biblioteca del Ateneo de Madrid Depósito 2 17/01/2008     L-26757 1057460 23/02/2023 23/02/2023 Libro impreso